Fundamentálne elementy investičného bankovníctva
Definovanie investičného bankovníctva. Pojem investičné služby a investičné činnosti. Inštitucionálne usporiadanie investičného bankovníctva. Prostredie investičného bankovníctva v súčasnosti.
Enregistré dans:
| Auteur principal: | |
|---|---|
| Format: | Chapitre de livre |
| Langue: | slovaque |
| Sujets: | |
| Tags: |
Pas de tags, Soyez le premier à ajouter un tag!
|
MARC
| LEADER | 00000nla$a2200000$$$4500 | ||
|---|---|---|---|
| 001 | 0121998 | ||
| 005 | 20240502072400.6 | ||
| 041 | 0 | |a slo | |
| 044 | |a SK | ||
| 245 | 1 | 0 | |a Fundamentálne elementy investičného bankovníctva |c Katarína Oravíková Podoliaková |
| 520 | |a Definovanie investičného bankovníctva. Pojem investičné služby a investičné činnosti. Inštitucionálne usporiadanie investičného bankovníctva. Prostredie investičného bankovníctva v súčasnosti. | ||
| 610 | 2 | 0 | |a bankovníctvo investičné |
| 610 | 2 | 0 | |a služby finančné |
| 610 | 2 | 0 | |a služby bankové |
| 610 | 2 | 0 | |a trh kapitálový |
| 610 | 2 | 0 | |a pojmy |
| 100 | 1 | |a Oravíková Podoliaková, Katarína | |